LIBRARY & INFORMATION CENTRE, KCAET, TAVANUR

ONLINE PUBLIC ACCESS CATALOGUE (OPAC)

Workshop Technology / (Record no. 2801)

MARC details
000 -LEADER
fixed length control field 00571cam a2200241ua 4500
041 ## - LANGUAGE CODE
Language code of text/sound track or separate title eng
082 ## - DEWEY DECIMAL CLASSIFICATION NUMBER
Classification number 621.9
Item number CHA/WO
100 ## - MAIN ENTRY--AUTHOR NAME
Personal name Chapman, W A J .
245 ## - TITLE STATEMENT
Title Workshop Technology /
250 ## - EDITION STATEMENT
Edition statement 3 /
260 ## - PUBLICATION, DISTRIBUTION, ETC. (IMPRINT)
Place of publication :
Name of publisher English Language Book Society ,
Year of publication 1961.
300 ## - PHYSICAL DESCRIPTION
Number of Pages 338 ; .
942 ## - ADDED ENTRY ELEMENTS (KOHA)
Koha item type Books
Holdings
Withdrawn status Lost status Damaged status Home library Current library Date acquired Full call number Accession Number Koha item type
Withdrawn   Damaged KAUAET KAUAET 07/04/2012 621.9 2487 Books
      KAUAET KAUAET 01/09/1986 621.9 CHA/WO 15541 Books
Withdrawn   Damaged KAUAET KAUAET 07/04/2012 621.9 4112-B Books
      KAUAET KAUAET 01/09/1986 621.9 CHA/WO 15543 Books
      KAUAET KAUAET 20/03/2025 621.9 CHA/WO 4112-C Books
free website counter